|
|
|
|
| LEADER |
00921nam a22002417a 4500 |
| 001 |
AAL2941 |
| 003 |
BD-DhAAL |
| 005 |
20160121200223.0 |
| 008 |
160121m19891983us a|||| |||| 001 0 eng d |
| 020 |
|
|
|a 0812602013
|
| 040 |
|
|
|a BD-DhAAL
|c BD-DhAAL
|
| 082 |
|
|
|a 370.15/2
|
| 100 |
|
|
|a Bereiter, Carl
|9 17509
|
| 245 |
|
|
|a Willy the Wisher and other thinking stories :
|b an Open Court thinking story book /
|c Carl Bereiter and Valerie Anderson
|
| 260 |
|
|
|a La Salle, Ill. :
|b Open Court,
|c ©1989.
|
| 300 |
|
|
|a viii, 152 p. :
|b ill. ;
|c 28 cm.
|
| 500 |
|
|
|a Includes index.
|
| 541 |
|
|
|e 2941
|
| 650 |
|
|
|a Thought and thinking
|x Study and teaching (Elementary)
|9 17510
|
| 700 |
|
|
|a Anderson, Valerie
|9 17511
|
| 942 |
|
|
|2 ddc
|c BK
|
| 999 |
|
|
|c 36662
|d 36662
|
| 952 |
|
|
|0 0
|1 0
|2 ddc
|4 0
|6 370_150000000000000_2_BER
|7 0
|9 57670
|a SCL
|b SCL
|c GEN
|d 2016-01-21
|e Gift: The Asia Foundation
|l 0
|o 370.152 BER
|p 3020002941
|r 2016-01-21
|t 1
|w 2016-01-21
|y BK
|